000 01186cab a2200205 4500
001 L136225
008 070118n2007 000 0 eng u
035 _a(Sirsi) u136225
041 0 _aeng
110 1 _aUnited Kingdom
_bDepartment for Environment, Food and Rural Affairs
245 0 4 _aThe Commons Act 2006
_bProtection of Common Land in England
260 _aLondon
_bDEFRA
_c2007
520 _aLinks to letters to consultees, list of consultees and the consultation document for the Commons Act 2006. The consultation invites views on proposals to reform the consents system for works and fencing on common land. It also proposes to reform the consents system for exchanging common land for equivalent land, and the possibility of charging for applications for both of these consents. These proposals are amongst the first steps towards implementing the Commons Act 2006 in England.
590 _aKA
650 2 4 _aCOMMONS ACT 2006
651 4 _aEngland
_y886-
690 _aPROPERTY-RURAL AND NATURAL ASSETS-LAND
856 _uhttps://www.defra.gov.uk/corporate/consult/commonsact2006/index.htm
_zView the consultation papers free of charge at www.defra.gov.uk...
942 _n0
999 _c78201
_d78201